Statistics for Celebrities With US Presidents Surname

Click here to take the quiz!

General Stats

  • This quiz has been taken 97 times
    (94 since last reset)
  • The average score is 6 of 9

Answer Stats

Answer% Correct
Monroe
96%
Reagan
76%
Tyler
73%
Harrison
72%
Taylor
71%
Jackson
58%
Carter
55%
Grant
55%
Ford
41%

Score Distribution

Percentile by Number Answered

Percent of People with Each Score

Your Score History

You have not taken this quiz since the last reset